| 000 | 00309cam a22001097a 4500 | ||
|---|---|---|---|
| 008 | 180718b1975 xxu||||| |||| 00| 0 eng d | ||
| 082 | _aA75 Ut738T | ||
| 245 |
_aTripura district gazetteers _cedited by K.D. Menon |
||
| 260 |
_aAgartala _bDepartment of Education _c1975 |
||
| 300 | _a503+p. | ||
| 700 | _aMenon, K.D. | ||
| 999 |
_c486986 _d486986 |
||